000 00472nam a22001217a 4500
999 _c9738
_d9738
003 OSt
008 201203b ||||| |||| 00| 0 eng d
245 _aUdyog Pragati The Journal for Practising managers
250 _a2015(Jan-Mar Vol.39 No.1, Apr-Jun Vol.39 No.2, Jul-Sep Vol.39 No.3, Oct-Dec Vol.39 No.4) 2016(Apr-Jun Vol.40 No.2, Jul-Sep Vol.40 No.3)
260 _aMumbai
_bNational Institute of Industrial Engineering
650 _aMechanical Engineering
942 _2ddc
_cBV